000 01437nam0a2200373 4500
001 RU\NLR\bibl\1081513
005 20250615050212.0
010 _a5-87730-139-X
_91000
021 _aRU
_b2007-19591
_91042
035 _a(nilc)EL/0000114954
035 _aRU\LSL\Books\2513606
035 _a(NLR Aleph) 001068696
090 _a984797
_c984797
100 _a20070316d2007 |||y0rusy50 ca
101 0 _arus
102 _aRU
105 _ay z |||||
200 1 _aИсторико-культурный опыт педагогики свободы
_fА.А. Валеев
_gМ-во оброазования и науки Рос. Федерации, Татар. гос. гуманитар.-пед. ун-т
210 _aКазань
_cТГГПУ
_d2007
215 _a229 с.
_cтабл.
_d19
320 _aБиблиогр.: с. 220-228 (150 назв.)
606 1 _aПедагогика ненасилия
_91984930
_3RU\NLR\auth\661196629
606 1 _aСвободное воспитание
_92324536
_3RU\NLR\auth\661390464
686 _aЧ33(0)-211.1
_vLBC/SL
_2rubbk
686 _a14.09
_2rugasnti
686 _aЧ313
686 _aЧ30в2
700 1 _aВалеев
_bА. А.
_gАгзам Абрарович
_4070
801 0 _aRU
_bНБ Казанского ГУ
_c20070316
_gPSBO
801 1 _aRU
_bНБ Казанского ГУ
_c20070327
_gPSBO
801 2 _aRU
_bNLR
_c20070504
_grcr
942 _cBOOK
980 _aNB